General science for pre degree arts students / (Record no. 10485)
[ view plain ]
| 000 -LEADER | |
|---|---|
| fixed length control field | 00384cam a2200145ua 4500 |
| 003 - CONTROL NUMBER IDENTIFIER | |
| control field | OSt |
| 008 - FIXED-LENGTH DATA ELEMENTS--GENERAL INFORMATION | |
| fixed length control field | 191023b ||||| |||| 00| 0 eng d |
| 082 ## - DEWEY DECIMAL CLASSIFICATION NUMBER | |
| Classification number | 501 |
| Item number | HUN/GE |
| 100 ## - MAIN ENTRY--AUTHOR NAME | |
| Personal name | Hunt, Liend C . |
| 245 ## - TITLE STATEMENT | |
| Title | General science for pre degree arts students / |
| 260 ## - PUBLICATION, DISTRIBUTION, ETC. (IMPRINT) | |
| Place of publication | Calicut : |
| Name of publisher | Indira Press , |
| Year of publication | 1965. |
| 300 ## - PHYSICAL DESCRIPTION | |
| Number of Pages | 215 ; . |
| 700 1# - ADDED ENTRY--PERSONAL NAME | |
| Personal name | Narayan, . |
| 942 ## - ADDED ENTRY ELEMENTS (KOHA) | |
| Koha item type | Books |
| Withdrawn status | Lost status | Damaged status | Home library | Current library | Date acquired | Full call number | Accession Number | Koha item type | Cost, normal purchase price |
|---|---|---|---|---|---|---|---|---|---|
| KAUAET | KAUAET | 07/04/2012 | 501 | 501 b | Books | ||||
| Withdrawn | KAUAET | KAUAET | 14/11/2023 | 501 HUN/GE | 8527 | Books | 7.00 |
